000 00769cam a2200241 a 4500
001 4490307
005 20180823081934.0
008 970909s1998 mau b 001 0 eng
010 _a 97031723
020 _a0070060177 (alk. paper)
035 _a(DLC) 97031723
040 _aDLC
_cDLC
_dDLC
041 _aeng
080 _a155.3
082 0 0 _a155.3
_221
100 1 _a51
101 _aSOC
245 1 0 _aQuestions of gender :
_cDina L. Anselmi, Anne L. Law.
504 _aIncludes bibliographical references and index.
906 _a7
_bcbc
_corignew
_d1
_eocip
_f19
_gy-gencatlg
942 _2ddc
_cBK
999 _c47281
_d47281